00293nam a2200109Ia 4500008004100000041000800041082001200049100002200061245004400083260004900127365000700176240624s9999 xx 000 0 und d aeng a823 BEN aBEN TOV SHARONA E aARTIFICIAL PARADISE SCIENCE FICTION AND c1995aMIchiganbUniversity of Michigan Press cRS